000
00342nam a22001577a 4500
003
SGT
020
_a
0-19-561625-1
082
_a
612, S15K
100
_a
KEELE, CYNIL A.
245
_a
SAMSON WRIGHTS APPLIED PHYSIOLOGY
250
_a
13TH
260
_a
INDIA
_b
OXFORD
_c
2015
300
_a
613
650
_a
PHYSIOLOGY
942
_2
ddc
_c
BK
_0
1
999
_c
9039
_d
9039